Sports Quiz

Random Sports or City Quiz

Summer Olympics Cities by Logo Quiz Stats

 Plays Quiz not verified by Sporcle

Score 0/28 Timer 05:00
8 Plays Today
Year City % Correct
2012London, UK
86%
2008Beijing, China
83.1%
1896Athens, Greece
82.2%
2004Athens, Greece
81.9%
1900Paris, France
79.6%
2000Sydney, Australia
75.7%
2016Rio de Janeiro, Brazil
75%
1964Tokyo, Japan
74.3%
1996Atlanta, USA
71.6%
1936Berlin, Germany
66.9%
1948London, UK
64.9%
1992Barcelona, Spain
64.2%
1984Los Angeles, USA
63.8%
1924Paris, France
61.1%
Year City % Correct
1960Rome, Italy
56.6%
1908London, UK
55.8%
1980Moscow, Soviet Union
54.8%
1988Seoul, South Korea
51.9%
1972Munich, Germany
47.5%
1976Montréal, Canada
42%
1904St. Louis, USA
39.9%
1968Mexico City, Mexico
39.6%
1912Stockholm, Sweden
39.2%
1956Melbourne, Australia
33.9%
1952Helsinki, Finland
28.9%
1932Los Angeles, USA
27%
1928Amsterdam, Netherlands
25.2%
1920Antwerp, Belgium
24.7%

You're not logged in!

Compare scores with friends on all Sporcle quizzes.
OR
Log In

Show Comments

Extras

Top Quizzes Today


Score Distribution

Your Account Isn't Verified!

In order to create a playlist on Sporcle, you need to verify the email address you used during registration. Go to your Sporcle Settings to finish the process.

Report this User

Report this user for behavior that violates our Community Guidelines.

Details: